Demon Slayer Characters by Picture - Statistics

General Stats
  • This quiz has been taken 4,554 times
    3,887 since last reset
  • The average score is 23 of 33
Answer Stats
Picture Answer % Correct
Tanjiro
99%
Nezuko
97%
Zenitsu
94%
Kyojuro Rengoku
93%
Giyu Tomioka
91%
Inosuke
91%
Tengen Uzui
89%
Muzan
88%
Shinobu Kocho
87%
Mitsuri Kanroji
85%
Akaza
84%
Muichiro Tokito
82%
Obanai Iguro
80%
Sanemi Shinazugawa
79%
Genya
77%
Gyomei Himejima
75%
Doma
74%
Daki
73%
Kanao
73%
Sabito
67%
Kokushibo
65%
Tamayo
65%
Gyutaro
64%
Sakonji Urokodaki
59%
Gyokko
54%
Hantengu
53%
Kagaya Ubuyashiki
53%
Makomo
45%
Suma
44%
Yushiro
44%
Makio
43%
Hinatsuru
39%
Chachamaru
30%
No matching quizzes found
Score Distribution
Percent of People with Each Score
Percentile by Number Answered
Your Score History
You have not taken this quiz since the last reset